MyGZULibrary

An introduction to management science : (Record no. 7306)

MARC details
000 -LEADER
fixed length control field 01554cam a22003374a 4500
001 - CONTROL NUMBER
control field 12640219
003 - CONTROL NUMBER IDENTIFIER
control field GZU
005 - DATE AND TIME OF LATEST TRANSACTION
control field 20210506113925.0
008 - FIXED-LENGTH DATA ELEMENTS--GENERAL INFORMATION
fixed length control field 020110s2003 ohua b 001 0 eng
010 ## - LIBRARY OF CONGRESS CONTROL NUMBER
LC control number 2002017623
020 ## - INTERNATIONAL STANDARD BOOK NUMBER
International Standard Book Number 0324145632
040 ## - CATALOGING SOURCE
Original cataloging agency DLC
Transcribing agency DLC
Modifying agency DLC
042 ## - AUTHENTICATION CODE
Authentication code pcc
050 00 - LIBRARY OF CONGRESS CALL NUMBER
Classification number HD30.25
Item number .AND 2003
100 1# - MAIN ENTRY--PERSONAL NAME
Personal name Anderson, David R.
Fuller form of name (David Ray),
Dates associated with a name 1941-
Relator term author
245 13 - TITLE STATEMENT
Title An introduction to management science :
Remainder of title quantitative approaches to decision making /
Statement of responsibility, etc. David R. Anderson, Dennis J. Sweeney, Thomas A. Williams.
250 ## - EDITION STATEMENT
Edition statement 10th ed.
260 ## - PUBLICATION, DISTRIBUTION, ETC.
Place of publication, distribution, etc. Cincinnati, Ohio :
Name of publisher, distributor, etc. South-Western College Pub.,
Date of publication, distribution, etc. 2003.
300 ## - PHYSICAL DESCRIPTION
Extent xxiv, 881 p. :
Other physical details ill. ;
Dimensions 27 cm. +
Accompanying material 1 CD-ROM (4 3/4 in.)
500 ## - GENERAL NOTE
General note Includes bibliographical references (p. [837]-838) and index.
504 ## - BIBLIOGRAPHY, ETC. NOTE
Bibliography, etc. note Includes bibliographical references (p. [837]-838) and index.
538 ## - SYSTEM DETAILS NOTE
System details note System requirements for accompanying computer disk: Microsoft Windows 95/98/ME/NT4 or 2000.
650 #0 - SUBJECT ADDED ENTRY--TOPICAL TERM
Topical term or geographic name entry element Management science.
700 1# - ADDED ENTRY--PERSONAL NAME
Personal name Sweeney, Dennis J.
Relator term author
700 1# - ADDED ENTRY--PERSONAL NAME
Personal name Williams, Thomas A.
Fuller form of name (Thomas Arthur),
Dates associated with a name 1944-
Relator term author
856 42 - ELECTRONIC LOCATION AND ACCESS
Materials specified Contributor biographical information
Uniform Resource Identifier <a href="http://www.loc.gov/catdir/enhancements/fy1514/2002017623-b.html">http://www.loc.gov/catdir/enhancements/fy1514/2002017623-b.html</a>
856 42 - ELECTRONIC LOCATION AND ACCESS
Materials specified Publisher description
Uniform Resource Identifier <a href="http://www.loc.gov/catdir/enhancements/fy1514/2002017623-d.html">http://www.loc.gov/catdir/enhancements/fy1514/2002017623-d.html</a>
856 41 - ELECTRONIC LOCATION AND ACCESS
Materials specified Table of contents only
Uniform Resource Identifier <a href="http://www.loc.gov/catdir/enhancements/fy1514/2002017623-t.html">http://www.loc.gov/catdir/enhancements/fy1514/2002017623-t.html</a>
906 ## - LOCAL DATA ELEMENT F, LDF (RLIN)
a 7
b cbc
c orignew
d 1
e ocip
f 20
g y-gencatlg
942 ## - ADDED ENTRY ELEMENTS (KOHA)
Source of classification or shelving scheme Library of Congress Classification
Koha item type Books
Edition 10th edition
Classification part 30.25
Item part AND
Call number prefix HD
Holdings
Withdrawn status Lost status Source of classification or shelving scheme Damaged status Not for loan Collection code Home library Current library Shelving location Date acquired Inventory number Total Checkouts Full call number Barcode Date last seen Copy number Price effective from Koha item type
    Library of Congress Classification     Non-fiction Mashava Campus Library Mashava Campus Library General Stacks 05/06/2021 5360   HD30.25 AND 2003 5360 05/06/2021 c. 1 05/06/2021 Books